ბათუმის შოთა რუსთაველის სახელმწიფო უნივერსიტეტის ბიბლიოთეკა

ინფორმაციის გამოყენებითი თეორიის საფუძვლები II ნაწ. : (ბიბ.ჩანაწერი № 39023)

000 -ლიდერი
ფიქსირებული სიგრძის საკონტროლო ველი 00983nam a2200241Ia 4500
001 - საკონტროლო ნომერი
საკონტროლო ველი 5533
003 - საკონტროლო ნომრის იდენტიფიკატორი
საკონტროლო ველი GE_BSU
005 - ბოლო ოპერაციის თარიღი და დრო
საკონტროლო ველი 20190621152053.0
008 - ფიქსირებული სიგრძის მონაცემთა ელემენტები - ზოგადი ინფორმაცია
ფიქსირებული სიგრძის საკონტროლო ველი 181216s1981||||ge |||||||||||||| ||geo||
040 ## - კატალოგიზაციის წყარო
Transcribing agency GE_BSU
041 ## - ენის კოდი
Language code of text/sound track or separate title geo
080 ## - უნივერსალური ათობითი კლასიფიკაციის ინდექსი
Universal Decimal Classification number 519.72 + 002.6 + 007 ბ-33
100 ## - მთავარი ჩანაწერი - პიროვნების სახელი
Personal name ბაღათურია, გ.
9 (RLIN) 2730
245 ## - ცნობა სათაურის შესახებ
Title ინფორმაციის გამოყენებითი თეორიის საფუძვლები II ნაწ. :
Remainder of title დამხმ. სახელმძღ. /
Statement of responsibility, etc გ. ბაღათურია ; რედ. ე. გიორგაძე
260 ## - გამოქვეყნების, გავრცელების, და სხვა. ცნობები
Place of publication, distribution, etc თბ.
260 ## - გამოქვეყნების, გავრცელების, და სხვა. ცნობები
Name of publisher, distributor, etc სპი.
260 ## - გამოქვეყნების, გავრცელების, და სხვა. ცნობები
Date of publication, distribution, etc 1981.
300 ## - ფიზიკური აღწერა
Extent 76 გვ. ;
Dimensions 20 სმ.
504 ## - BIBLIOGRAPHY, ETC. NOTE
Bibliography, etc ბიბლიოგრ. : გვ.75.
653 ## - INDEX TERM--UNCONTROLLED
Uncontrolled term ინფორმაციის გამოყენებითი თეორია
700 ## - ADDED ENTRY--PERSONAL NAME
Personal name გიორგაძე, ე.
Relator term რედაქტორი
9 (RLIN) 398
942 ## - ADDED ENTRY ELEMENTS (KOHA)
Koha item type წიგნი
Source of classification or shelving scheme
ეგზემპლარები
ჩამოწერის სტატუსი დაკარგული ეგზემპლარის სტატუსი კლასიფიკაციის წყარო ან თაროზე გაწყობის სქემა დაზიანების სტატუსი არ გაიცემა მუდმივი მდებარეობა (დაცვის ადგილი) ამჟამინდელი ადგილსამყოფელი თაროზე განთავსების ადგილი შეძენის თარიღი ღირებულება, შესყიდვის ნორმალური ფასი სრული შენახვის შიფრი შტრიხკოდი ბოლო ოპერაციის თარიღი ეგზემპლარის მიმდევრობითი ნომერი (კეტერი?) ფასის ძალაში შესვლის თარიღი ეგზემპლარის სახეობა საჯარო შენიშვნა
          ტექნოლოგიური ფაკულტეტის ბიბლიოთეკა ტექნოლოგიური ფაკულტეტის ბიბლიოთეკა წიგნსაცავი 2018-12-17 0.60 519.72 + 002.6 + 007 ბ-33 12408 2018-12-17 12408 2018-12-17 წიგნი 0.60 ლ.